• 首页
  • 本馆介绍
  • 公告通知
  • 最新文献
  • 馆藏检索
  • 电子资源
  • 读者导购
  • 参考咨询
  • 我的图书馆
  • 登录
  • 详细信息显示
  • 放入我的书架
  • 预约/预借图书
  • 作者相关作品
  • 分类相关作品
  • 丛书相关作品
  • 出版社相关作品

书目信息

  • 表格格式
  • 工作单格式
  • 卡片格式
题名:
价值规律作用问题资料
    
 
作者: ;中国社会科学院经济研究所资料室 编
分册:  
出版信息: 北京   中国社会科学出版社  1979
页数: 411页
开本: 19cm
丛书名:
单 册:
中图分类: F045.31
科图分类:
主题词: 社会主义经济-价值规律--文集 , 价值规律-社会主义经济--文集
电子资源:
ISBN: 4190.016
000 00973nam0 2200265 450
001 0179008166
005 20100712215636.0
010    @a4190.016@dCNY0.90
091    @a4190.016
100    @a19950724d1979 em y0chiy0110 ea
101 0  @achi
102    @aCN@b110000
105    @ay z 000yy
106    @ar
200 1  @a价值规律作用问题资料@9Jia;Jie Zhi Gui Lu^ Zuo Yong Wen Ti Zi Liao @e社会主义经济中价值规律问题文章选编@f中国社会科学院经济研究所资料室编
210    @a北京@c中国社会科学出版社@d1979
215    @a411页@d19cm
300    @a国内发行
517 1  @a社会主义经济中价值规律问题文章选编@9she hui zhu yi jing ji zhong jia zhi gui lv wen ti wen zhang xuan bian
606 0  @a社会主义经济-价值规律@x文集
606 0  @a价值规律-社会主义经济@x文集
690    @aF045.31@v3
711 02 @a中国社会科学院经济研究所资料室@9zhong guo she hui ke xue yuan jing ji yan jiu suo zi liao shi@4编
801  0 @aCN@bAzMarc@c20130904
905    @aBZT@dF045.31@e2@f7@sF045.31/2
    
    价值规律作用问题资料:社会主义经济中价值规律问题文章选编/中国社会科学院经济研究所资料室编.-北京:中国社会科学出版社,1979
    411页;19cm
    国内发行
    
    ISBN 4190.016:CNY0.90
    
●
相关链接 在五车中查询图书 在当当中查询图书 在豆瓣中查询图书


正题名:价值规律作用问题资料     索取号:F045.31/2         预约/预借

序号 登录号 条形码 馆藏地/架位号 状态 备注
1 2000139956   2000139956   旧书回溯/ [索取号:F045.31/2] 在馆    
2 2000139957   2000139957   旧书回溯/ [索取号:F045.31/2] 在馆    
3 2000139958   2000139958   旧书回溯/ [索取号:F045.31/2] 在馆    
4 2000139959   2000139959   旧书回溯/ [索取号:F045.31/2] 在馆    
5 2000139960   2000139960   旧书回溯/ [索取号:F045.31/2] 在馆    
6 2000139961   2000139961   旧书回溯/ [索取号:F045.31/2] 在馆    
7 2000139962   2000139962   旧书回溯/ [索取号:F045.31/2] 在馆    
山东省滨州职业学院图书馆 欢迎您!
大连网信软件有限公司© 版权所有